| 000 | 00685 a2200217 4500 | ||
|---|---|---|---|
| 005 | 20260420155557.0 | ||
| 008 | 260420b |||||||| |||| 00| 0 eng d | ||
| 020 | _a978-93-5516-774-3 (hbk) | ||
| 037 | _cTB | ||
| 040 |
_aCRL _cCRL |
||
| 041 |
_2eng _aeng |
||
| 084 |
_aV1:594.N R5 _qCRL |
||
| 100 |
_aMittal, Kamini _91115219 |
||
| 245 | _aSoldier and the state: the theory and politics of civil-military relations | ||
| 260 |
_aNew Delhi, India: _bSumit Enterprises, _c2025. |
||
| 300 | _a235p. | ||
| 365 |
_b1495/- _cINR |
||
| 650 | _aHistory | ||
| 942 |
_cTB _2CC _hV1:594.N R5 |
||
| 999 |
_c1679316 _d1679316 |
||